| 000 | 01300cam a2200277 i 4500 | ||
|---|---|---|---|
| 003 | SA-RiAUC | ||
| 005 | 20250129074258.0 | ||
| 008 | 250122s2013 ku f b f00110 ara c | ||
| 040 |
_aSA-JeALM _bara _cSA-RiAUC _dKW-KwMAI _erda |
||
| 082 | 0 | 4 |
_a410 _qSA-RiAUC |
| 090 |
_a410 _bص ر ص |
||
| 100 | 1 |
_aالصرصري، سليمان بن عبد القوي بن عبد الكريم، _d657-716 هجري _eمؤلف. |
|
| 245 | 1 | 2 |
_aالصعقة الغضبية في الرد على منكري العربية / _cتأليف أبي الربيع نجم الدين سليمان بن عبد القوي بن عبد الكريم الطوفي الصرصري الحنبلي ؛ دراسة وتحقيق محمد بن خالد الفاضل. |
| 250 | _aالطبعة الأولى. | ||
| 264 | 1 |
_aالرياض : _bالعبيكان. _c1997 |
|
| 300 |
_a728 صفحة ؛ _c24 سم. |
||
| 336 |
_aنص _btxt _2rdacontent _3كتاب |
||
| 337 |
_aبدون وسيط _bn _2rdamedia |
||
| 338 |
_aمجلد _bnc _2rdacarrier |
||
| 500 | _aملاحظات في بداية الكتاب | ||
| 520 | _aاللغة العربية. | ||
| 650 | 7 |
_aاللغة العربية _2aucsh |
|
| 700 | 1 |
_aالفاضل، محمد خالد سعد، _d1370 هجري- _eمحقق. |
|
| 942 |
_2ddc _cBOOK _n0 |
||
| 949 |
_aSA-JeALM _d250122 _uosman123 _n1 |
||
| 999 |
_c5398 _d5398 |
||